00690nam a22002297a 450000500170000001000110001702000100002803500110003803700160004904000120006508200110007710000260008824500390011426000450015327000120019830000210021065000230023165000170025494200200027199900190029195201500031020170124110128.0 a419146 c00.00 a419146 aCen Lib/Ret aDPLbEN aNbCAR aCarson, Robert931749 aThe outsiders /cby Robert Carson  aTorontobLittle brown and company c1966 bToronto a478p. c19cm(Hb) a literature 96262 aNovel922513 2ddccENhNmCAR c131433d131433 04104070aLbLd2015-07-14eCen Lib/Retg0.00l0oN CARp419146r2015-07-14 00:00:00t1v0.00w2015-07-14yENzW/d List No. 6847/4 : dtd 9/7/20